Normal view MARC view
  • TEXTBOOK-DEE.VERILOG HDL: A GUIDE TO DIGITAL DESIGN AND SYNTHESIS

Entry Topical Term

Number of records used in: 1

001 - CONTROL NUMBER

  • control field: 61382

003 - CONTROL NUMBER IDENTIFIER

  • control field: NUST

005 - DATE AND TIME OF LATEST TRANSACTION

  • control field: 20210628202737.0

008 - FIXED-LENGTH DATA ELEMENTS

  • fixed length control field: 210628|| aca||aabn | a|a d

040 ## - CATALOGING SOURCE

  • Original cataloging agency: NUST
  • Transcribing agency: NUST

150 ## - HEADING--TOPICAL TERM

  • Topical term or geographic name entry element: TEXTBOOK-DEE.VERILOG HDL: A GUIDE TO DIGITAL DESIGN AND SYNTHESIS

670 ## - SOURCE DATA FOUND

  • Source citation: Work cat.: (NUST): Palnitkar Samir ,Goel, Prabhu 61381, Verilog hdl:a guide to digital design and synthesis, 2013
© 2023 Central Library, National University of Sciences and Technology. All Rights Reserved.